Odyssey Conference Proceedings of FEB Zagreb 16th International Odyssey Conference on Economics and Business
Salvato in:
| Ente Autore: | |
|---|---|
| Altri autori: | , |
| Natura: | Libro |
| Lingua: | inglese |
| Pubblicazione: |
Zagreb
University of Zagreb
2025
|
| Edizione: | 1st Edition |
| Soggetti: | |
| Tags: |
Nessun Tag, puoi essere il primo ad aggiungerne!!
|
MARC
| LEADER | 00000nlm a2200000 4500 | ||
|---|---|---|---|
| 001 | 0311723 | ||
| 005 | 20250729094203.2 | ||
| 022 | |a 2671-132X | ||
| 041 | 0 | |a eng | |
| 044 | |a HR | ||
| 245 | 1 | 0 | |a Odyssey Conference |b Proceedings of FEB Zagreb 16th International Odyssey Conference on Economics and Business |c Reviewers: Ana Aleksić Fredotović, Mihovil Anđelinović ... [et al.] |
| 250 | |a 1st Edition | ||
| 264 | 1 | |a Zagreb |b University of Zagreb |c 2025 | |
| 300 | |a 757 s. | ||
| 610 | 2 | 0 | |a ekonomika |
| 610 | 2 | 0 | |a podnikanie |
| 610 | 2 | 0 | |a inteligencia umelá |
| 610 | 2 | 0 | |a zdroje ľudské |
| 610 | 2 | 0 | |a dane |
| 700 | 1 | |a Aleksić Fredotović, Ana | |
| 700 | 1 | |a Anđelinović, Mihovil | |
| 110 | 2 | |a Odyssey Conference. International Odyssey Conference on Economics and Business | |